000 00587nam a22002297a 4500
003 UA-OsUOA
001 49439
007 ta
008 20071004b un ||||| |||| 00| 0 ukr d
100 _aГром'як Р.
090 _a82.09
_bГ87
942 _cBK
040 _aUA-OsUOA
_bukr
_cUA-OsUOA
_dUA-OsUOA
245 _aДавнє й сучасне
300 _a271 с.
955 _a1
041 _aukr
080 _a82.09
260 _aТернопіль
_bЛілея
_c1997
650 7 _a82 Література. Літературознавство
_2UDC
999 _c335542
_d335542